| 000 | 00326nam a22001217a 4500 | ||
|---|---|---|---|
| 008 | 180802b xxu||||| |||| 00| 0 eng d | ||
| 082 | _a813.52 | ||
| 245 |
_aThe standard deviants present Shakespeare tragedies: Origins and Style _bEra,E |
||
| 260 | _c2000 | ||
| 300 |
_a1 _fCassette |
||
| 440 | _x18002389669 | ||
| 942 |
_2ddc _cMX |
||
| 999 |
_c46740 _d46740 |
||